[Event "77 España ch 2012"]
[Site "Maspalomas ESP"]
[Date "2012.10.02"]
[Round "4.7"]
[White "Gutierrez Olivares, Daniel"]
[Black "Romero Holmes, Alfonso"]
[Result "0-1"]
[WhiteElo "2368"]
[BlackElo "2508"]
[PlyCount "68"]
[EventDate "2012.09.29"]
[EventType "swiss"]
[EventRounds "9"]
[EventCountry "ESP"]
[Source "lmi"]
[SourceDate "2012.09.29"]

1. c4 e5 2. Nc3 Bb4 3. Qb3 Nc6 4. e3 Nf6 5. Nge2 O-O 6. a3 Bc5 7. Ng3 a5 8. Bd3
d6 9. O-O Bb6 10. Qc2 h5 11. b3 h4 12. Nf5 Nd7 13. g3 hxg3 14. fxg3 Nc5 15. Be2
Qg5 16. Rb1 g6 17. Nh4 Bh3 18. Rf2 Kg7 19. b4 axb4 20. axb4 Ne6 21. Ne4 Qe7 22.
Nf6 Ncd4 23. Qd1 Nxe2+ 24. Qxe2 Ra2 25. Bb2 Rxb2 26. Rxb2 Nf4 27. Rxf4 exf4 28.
Nd5 Qe5 29. d4 Bxd4 30. Nf3 Bxe3+ 31. Kh1 Ra8 32. Rb1 Qe4 33. Nc3 Ra2 34. Nxe4
Rxe2 0-1

[Event "77 España ch 2012"]
[Site "Maspalomas ESP"]
[Date "2012.10.02"]
[Round "4.8"]
[White "De Prado Rodriguez, Oscar Brun"]
[Black "Cuenca Jimenez, Jose Fernando"]
[Result "0-1"]
[WhiteElo "2283"]
[BlackElo "2487"]
[PlyCount "200"]
[EventDate "2012.09.29"]
[EventType "swiss"]
[EventRounds "9"]
[EventCountry "ESP"]
[Source "lmi"]
[SourceDate "2012.09.29"]

1. d4 Nf6 2. Bf4 g6 3. Nf3 Bg7 4. e3 O-O 5. Be2 d6 6. h3 c5 7. c3 b6 8. a4 Nbd7
9. Nbd2 cxd4 10. exd4 Nd5 11. Bg3 Bh6 12. Bc4 Nf4 13. O-O Bb7 14. Re1 e6 15.
Nf1 Qc7 16. Bb3 Nf6 17. Bc2 Qc6 18. Ne3 Nxh3+ 19. gxh3 Qxf3 20. Qxf3 Bxf3 21.
Bxd6 Rfe8 22. Be5 Nh5 23. Bd1 Bxd1 24. Raxd1 Rac8 25. Ng4 Bg7 26. Bxg7 Kxg7 27.
Re5 Nf4 28. Kh2 Red8 29. a5 Nd5 30. axb6 axb6 31. Ra1 Ra8 32. Rxa8 Rxa8 33. Ne3
Nc7 34. Nc4 f6 35. Re2 b5 36. Nb6 Rd8 37. Re1 Rd6 38. Nc8 Ra6 39. Kg2 Kf7 40.
b3 Ke8 41. d5 Nxd5 42. c4 bxc4 43. bxc4 Nf4+ 44. Kf3 Nd3 45. Rd1 Ne5+ 46. Kg2
Nxc4 47. Rd4 Ne5 48. Nd6+ Ke7 49. Nc8+ Kf8 50. Rd8+ Kg7 51. f4 Nf7 52. Rd7 Rc6
53. Na7 Rc2+ 54. Kf3 Rc3+ 55. Kg2 Rc5 56. Rb7 g5 57. Nb5 Kg6 58. Nd4 gxf4 59.
Nxe6 Rc2+ 60. Kg1 Ng5 61. Nxf4+ Kf5 62. Rb4 Rd2 63. Kf1 h6 64. Ra4 Ne4 65. Ne2
Nd6 66. Nd4+ Kg6 67. Nf3 Rb2 68. Rd4 Nf5 69. Nh4+ Nxh4 70. Rxh4 f5 71. Kg1 Kg5
72. Ra4 Re2 73. Rb4 Re4 74. Rb5 Ra4 75. Rb6 h5 76. Rb3 Kf4 77. Rc3 Ra1+ 78. Kg2
Ra2+ 79. Kg1 Re2 80. Rc5 Re5 81. Rc8 Kf3 82. Rc3+ Re3 83. Rc5 Kf4 84. Kg2 Re2+
85. Kg1 h4 86. Ra5 Re5 87. Ra4+ Kf3 88. Ra8 Re1+ 89. Kh2 f4 90. Ra3+ Re3 91.
Ra8 Kf2 92. Rh8 f3 93. Rxh4 Ke1 94. Ra4 Rd3 95. Ra1+ Rd1 96. Ra5 f2 97. Re5+
Kd2 98. Rd5+ Ke2 99. Re5+ Kf3 100. Rf5+ Ke3 0-1

[Event "77 España ch 2012"]
[Site "Maspalomas ESP"]
[Date "2012.10.02"]
[Round "4.9"]
[White "Suarez Garcia, Carlos"]
[Black "Recuero Guerra, David"]
[Result "1/2-1/2"]
[WhiteElo "2274"]
[BlackElo "2450"]
[PlyCount "60"]
[EventDate "2012.09.29"]
[EventType "swiss"]
[EventRounds "9"]
[EventCountry "ESP"]
[Source "lmi"]
[SourceDate "2012.09.29"]

1. d4 Nf6 2. c4 e6 3. g3 d5 4. Bg2 Be7 5. Nf3 O-O 6. O-O c6 7. Qc2 b6 8. Nbd2
Bb7 9. e4 Na6 10. a3 c5 11. e5 Nd7 12. dxc5 bxc5 13. Re1 Nc7 14. h4 a5 15. Nf1
Re8 16. Bg5 h6 17. Bxe7 Qxe7 18. Rad1 a4 19. Ne3 Nb6 20. cxd5 Ncxd5 21. Nc4
Nxc4 22. Qxc4 Nb6 23. Qc2 Bd5 24. Nd2 Rab8 25. Rc1 Rec8 26. Re2 Qd7 27. Qd1 Rc7
28. Ne4 Nc4 29. Rec2 Nxe5 30. Rxc5 Ra7 1/2-1/2

[Event "77 España ch 2012"]
[Site "Maspalomas ESP"]
[Date "2012.10.02"]
[Round "4.10"]
[White "Garcia Blanco, Omar"]
[Black "Lopez Gracia, Fernando"]
[Result "1/2-1/2"]
[WhiteElo "2277"]
[BlackElo "2382"]
[PlyCount "73"]
[EventDate "2012.09.29"]
[EventType "swiss"]
[EventRounds "9"]
[EventCountry "ESP"]
[Source "lmi"]
[SourceDate "2012.09.29"]

1. e4 c5 2. c3 d5 3. exd5 Qxd5 4. d4 e6 5. Nf3 Nc6 6. Na3 Qd8 7. Nc2 Nf6 8. Bd3
b6 9. O-O Bb7 10. Qe2 Be7 11. Bf4 O-O 12. Rad1 cxd4 13. Ncxd4 Nxd4 14. Nxd4 Qd5
15. f3 Qh5 16. Rfe1 Nd5 17. Bg3 Rfd8 18. Ba6 Bxa6 19. Qxa6 Bc5 20. Kh1 Ne7 21.
Qb7 Qd5 22. Qxd5 Nxd5 23. Nb3 Be7 24. a4 h6 25. a5 b5 26. Nd4 a6 27. Nc6 Rdc8
28. Rxd5 Rxc6 29. Rd7 Bf6 30. Bd6 Rd8 31. Rxd8+ Bxd8 32. Bb4 Bc7 33. Rd1 g5 34.
g3 Kg7 35. Kg2 Kg6 36. Rd4 h5 37. h3 1/2-1/2

[Event "77 España ch 2012"]
[Site "Maspalomas ESP"]
[Date "2012.10.02"]
[Round "4.11"]
[White "Garrido Dominguez, Jesus"]
[Black "Natalicchio Escalante, Nicolas"]
[Result "1-0"]
[WhiteElo "2396"]
[BlackElo "2208"]
[PlyCount "33"]
[EventDate "2012.09.29"]
[EventType "swiss"]
[EventRounds "9"]
[EventCountry "ESP"]
[Source "lmi"]
[SourceDate "2012.09.29"]

1. e4 e5 2. Nf3 Nc6 3. Nc3 g6 4. d4 exd4 5. Nxd4 Bg7 6. Nxc6 bxc6 7. Be3 d6 8.
Qd2 Nf6 9. Bh6 O-O 10. Bxg7 Kxg7 11. O-O-O Qe7 12. Bd3 d5 13. Rde1 d4 14. Ne2
c5 15. Ng3 Be6 16. Qg5 h6 17. Nh5+ 1-0

[Event "77 España ch 2012"]
[Site "Maspalomas ESP"]
[Date "2012.10.02"]
[Round "4.12"]
[White "Vega Gutierrez, Sabrina"]
[Black "Alonso Valiente, Alexis"]
[Result "0-1"]
[WhiteElo "2364"]
[BlackElo "2049"]
[PlyCount "70"]
[EventDate "2012.09.29"]
[EventType "swiss"]
[EventRounds "9"]
[EventCountry "ESP"]
[Source "lmi"]
[SourceDate "2012.09.29"]

1. e4 c5 2. d3 d5 3. Nd2 Nc6 4. Ngf3 Nf6 5. g3 e6 6. Bg2 Be7 7. O-O O-O 8. Re1
dxe4 9. dxe4 e5 10. c3 Be6 11. Qe2 Qc7 12. Nf1 Rad8 13. Nh4 g6 14. Bh6 Rfe8 15.
Ne3 Bf8 16. Bg5 Be7 17. f4 exf4 18. gxf4 Nh5 19. Nd5 Bxd5 20. exd5 Bxg5 21.
Qxe8+ Rxe8 22. Rxe8+ Kg7 23. fxg5 Ne5 24. Re1 Nd3 25. R1e7 Qf4 26. Nf3 Qc1+ 27.
Bf1 Nhf4 28. Ne1 Nxd5 29. Re2 N3f4 30. Rf2 Ne6 31. Nf3 Ne3 32. Nd2 Ng4 33. Rg2
Qd1 34. Nc4 Nxg5 35. Ne3 Nh3+ 0-1

[Event "77 España ch 2012"]
[Site "Maspalomas ESP"]
[Date "2012.10.02"]
[Round "4.13"]
[White "Ortega Hermida, Daniel"]
[Black "Lopez Colon, Francisco"]
[Result "1-0"]
[WhiteElo "2392"]
[BlackElo "2093"]
[PlyCount "37"]
[EventDate "2012.09.29"]
[EventType "swiss"]
[EventRounds "9"]
[EventCountry "ESP"]
[Source "lmi"]
[SourceDate "2012.09.29"]

1. d4 Nf6 2. c4 e6 3. Nc3 Bb4 4. Qc2 O-O 5. a3 Bxc3+ 6. Qxc3 Ne4 7. Qc2 f5 8.
Nh3 b6 9. f3 Nf6 10. e3 Bb7 11. Be2 c5 12. dxc5 bxc5 13. O-O Nc6 14. b3 Qb6 15.
Bb2 Na5 16. Rab1 Rab8 17. Kh1 Bc6 18. b4 cxb4 19. axb4 1-0

[Event "77 España ch 2012"]
[Site "Maspalomas ESP"]
[Date "2012.10.02"]
[Round "4.14"]
[White "Suarez Gomez, Julio"]
[Black "Camarena Gimenez, Rufino"]
[Result "1-0"]
[WhiteElo "2065"]
[BlackElo "2393"]
[PlyCount "133"]
[EventDate "2012.09.29"]
[EventType "swiss"]
[EventRounds "9"]
[EventCountry "ESP"]
[Source "lmi"]
[SourceDate "2012.09.29"]

1. e4 e6 2. d4 d5 3. Nc3 Nf6 4. Bg5 dxe4 5. Nxe4 Be7 6. Bxf6 gxf6 7. Nf3 f5 8.
Ng3 c5 9. Qd2 cxd4 10. Nxd4 Nc6 11. Bb5 O-O 12. Bxc6 bxc6 13. Nh5 c5 14. Nc6
Qxd2+ 15. Kxd2 Bd6 16. Rad1 Bb7 17. Kc1 Bxc6 18. Rxd6 Rfc8 19. Rhd1 Kf8 20. f3
Ke7 21. R6d2 Rab8 22. Nf4 a5 23. c4 a4 24. Nd3 Rb7 25. Kc2 Be8 26. Kc3 f6 27.
Re1 Kf7 28. Nf4 e5 29. Nd5 f4 30. g3 fxg3 31. hxg3 Kg7 32. f4 exf4 33. gxf4 Bg6
34. f5 Bf7 35. Rg2+ Kh8 36. Nxf6 Rb6 37. Nd7 Rh6 38. Ne5 Bg8 39. Reg1 Rf6 40.
Rh2 Re8 41. Ng6+ Kg7 42. Ne7+ Kh8 43. Rxg8+ Rxg8 44. Nxg8 Kxg8 45. Rh5 Kg7 46.
b4 axb3 47. axb3 Rc6 48. b4 cxb4+ 49. Kxb4 Rc8 50. c5 Kf6 51. Kb5 Rb8+ 52. Kc6
Rb1 53. Kc7 Ke5 54. Rxh7 Kxf5 55. Re7 Kf6 56. Re2 Kf7 57. c6 Rb3 58. Kd7 Rd3+
59. Kc8 Rb3 60. c7 Rb1 61. Re4 Rb2 62. Kd7 Rd2+ 63. Kc6 Rc2+ 64. Kb7 Rb2+ 65.
Kc6 Rc2+ 66. Kb6 Rc1 67. Re5 1-0

[Event "77 España ch 2012"]
[Site "Maspalomas ESP"]
[Date "2012.10.02"]
[Round "4.15"]
[White "Garcia Caballero, Luis"]
[Black "Ladron De Guevara Pinto, Paolo"]
[Result "0-1"]
[WhiteElo "2034"]
[BlackElo "2378"]
[PlyCount "56"]
[EventDate "2012.09.29"]
[EventType "swiss"]
[EventRounds "9"]
[EventCountry "ESP"]
[Source "lmi"]
[SourceDate "2012.09.29"]

1. e4 e6 2. d4 d5 3. Nc3 Nf6 4. e5 Nfd7 5. f4 c5 6. Nf3 Nc6 7. Be3 Be7 8. Qd2
O-O 9. dxc5 Bxc5 10. Bxc5 Nxc5 11. O-O-O a6 12. Qf2 Qe7 13. f5 Ne4 14. Nxe4
dxe4 15. f6 gxf6 16. Qh4 f5 17. Ng5 f6 18. exf6 Rxf6 19. Nxh7 Rg6 20. Qxe7 Nxe7
21. Ng5 Rxg5 22. Rd8+ Kf7 23. Bc4 b5 24. Bb3 Bb7 25. Rd7 Bd5 26. h4 Rxg2 27.
Bxd5 exd5 28. h5 Rag8 0-1

[Event "77 España ch 2012"]
[Site "Maspalomas ESP"]
[Date "2012.10.02"]
[Round "4.16"]
[White "Arnaiz Yanes, Miguel Angel"]
[Black "Moreno Tejera, Emilio"]
[Result "0-1"]
[WhiteElo "2004"]
[BlackElo "2358"]
[PlyCount "88"]
[EventDate "2012.09.29"]
[EventType "swiss"]
[EventRounds "9"]
[EventCountry "ESP"]
[Source "lmi"]
[SourceDate "2012.09.29"]

1. d4 g6 2. Nf3 Bg7 3. Bg5 f5 4. Nc3 h6 5. Bf4 Nf6 6. Nh4 Kf7 7. Be5 d6 8. Bxf6
Bxf6 9. Nf3 Nc6 10. e4 e5 11. Bc4+ Kg7 12. dxe5 Nxe5 13. Nxe5 Bxe5 14. Qd5 Qf6
15. O-O c6 16. Qd3 Bxc3 17. bxc3 fxe4 18. Qe3 d5 19. Bb3 Bf5 20. f3 exf3 21.
Rxf3 Rhe8 22. Qf2 Re4 23. Rf1 Qe5 24. Rg3 Kh7 25. Qc5 Qe6 26. a4 b6 27. Qf2 Re8
28. a5 Re2 29. Qf4 Qe4 30. axb6 Qxf4 31. Rxf4 axb6 32. h3 b5 33. Rgf3 Kg7 34.
g4 Re1+ 35. Rf1 Rxf1+ 36. Kxf1 Be4 37. Kg1 Rf8 38. Rf2 Rxf2 39. Kxf2 Kf6 40. h4
g5 41. Kg3 Ke5 42. hxg5 hxg5 43. Kh2 Kf4 44. Kh3 c5 0-1

[Event "77 España ch 2012"]
[Site "Maspalomas ESP"]
[Date "2012.10.02"]
[Round "4.17"]
[White "Fernandez Garcia, Jose Miguel"]
[Black "Morales Quintero, Jose Miguel"]
[Result "1-0"]
[WhiteElo "2356"]
[BlackElo "2012"]
[PlyCount "53"]
[EventDate "2012.09.29"]
[EventType "swiss"]
[EventRounds "9"]
[EventCountry "ESP"]
[Source "lmi"]
[SourceDate "2012.09.29"]

1. d4 Nf6 2. Nf3 e6 3. c4 c5 4. d5 exd5 5. cxd5 d6 6. e4 a6 7. Nfd2 b5 8. a4 b4
9. Bd3 g6 10. O-O Bg7 11. Nc4 O-O 12. Bg5 Qc7 13. f4 Nbd7 14. Nbd2 Nb6 15. Nxb6
Qxb6 16. Nc4 Qc7 17. e5 dxe5 18. fxe5 Nxd5 19. Be4 Be6 20. Bxd5 Rad8 21. Bxd8
Rxd8 22. Bxe6 Rxd1 23. Bxf7+ Qxf7 24. Raxd1 Qe7 25. Rfe1 Qe6 26. Rd8+ Kf7 27.
Nd6+ 1-0

[Event "77 España ch 2012"]
[Site "Maspalomas ESP"]
[Date "2012.10.02"]
[Round "4.18"]
[White "Pazos Porta, Antonio"]
[Black "Cruz Pino, Adrian"]
[Result "1-0"]
[WhiteElo "2307"]
[BlackElo "2008"]
[PlyCount "81"]
[EventDate "2012.09.29"]
[EventType "swiss"]
[EventRounds "9"]
[EventCountry "ESP"]
[Source "lmi"]
[SourceDate "2012.09.29"]

1. e4 Nc6 2. d4 d5 3. exd5 Qxd5 4. Nf3 Bg4 5. Be2 e6 6. O-O Nf6 7. Be3 Be7 8.
Nbd2 O-O 9. h3 Bh5 10. Re1 h6 11. c3 Bg6 12. Qb3 Qxb3 13. axb3 Nd5 14. b4 Nxe3
15. fxe3 a6 16. Nc4 f6 17. Nfd2 Rab8 18. Bf3 Nd8 19. e4 Re8 20. Nb3 Bf7 21. e5
f5 22. Nc5 Bh4 23. Red1 Re7 24. Na5 c6 25. Naxb7 Rbxb7 26. Nxb7 Rxb7 27. Rxa6
Rc7 28. Rda1 Kf8 29. Ra7 Rxa7 30. Rxa7 Be8 31. Rc7 Bg5 32. Kf1 Bd2 33. Ke2 Bc1
34. Kd3 g5 35. b3 h5 36. c4 g4 37. Be2 Bg6 38. Kc3 g3 39. b5 cxb5 40. cxb5 f4
41. Bf3 1-0

[Event "77 España ch 2012"]
[Site "Maspalomas ESP"]
[Date "2012.10.02"]
[Round "4.19"]
[White "Tejedor Fuentes, Enrique"]
[Black "Camino Carrio, Nicanor"]
[Result "1-0"]
[WhiteElo "2287"]
[BlackElo "1994"]
[PlyCount "109"]
[EventDate "2012.09.29"]
[EventType "swiss"]
[EventRounds "9"]
[EventCountry "ESP"]
[Source "lmi"]
[SourceDate "2012.09.29"]

1. e4 c5 2. Nf3 d6 3. d4 cxd4 4. Nxd4 Nf6 5. Nc3 g6 6. g3 Bg7 7. Bg2 O-O 8. O-O
Nc6 9. h3 Nxd4 10. Qxd4 Be6 11. Qd1 Rc8 12. Be3 Qa5 13. Nd5 Nxd5 14. exd5 Bf5
15. c3 Qb5 16. Qd2 a6 17. Rfe1 Rfe8 18. g4 Bd7 19. Bf4 a5 20. Re3 e5 21. dxe6
Bxe6 22. Rd3 Bc4 23. Rxd6 Re2 24. Rd8+ Rxd8 25. Qxd8+ Re8 26. a4 Rxd8 27. axb5
Bxb5 28. Rxa5 Ba6 29. Bf3 h6 30. Kg2 g5 31. Be3 Bf6 32. Rd5 Rb8 33. Rd7 Kf8 34.
Ba7 Ra8 35. Bc5+ Ke8 36. Bxb7 Kxd7 37. Bxa8 Bc4 38. Bf8 Ke6 39. Bxh6 Be7 40. f4
f6 41. fxg5 fxg5 42. Bg7 Bd6 43. Be4 Bf4 44. Bd4 Kd6 45. b4 Kc7 46. Kf3 Bd2 47.
Be5+ Kd7 48. Bf5+ Ke7 49. Kf2 Kd8 50. Be4 Ke7 51. Bf3 Ke6 52. Bd4 Kd6 53. Be2
Bd5 54. c4 Be4 55. b5 1-0

[Event "77 España ch 2012"]
[Site "Maspalomas ESP"]
[Date "2012.10.02"]
[Round "4.20"]
[White "Alvarado Diaz, Alejandro"]
[Black "Henriquez Garcia, David"]
[Result "1-0"]
[WhiteElo "2258"]
[BlackElo "1993"]
[PlyCount "99"]
[EventDate "2012.09.29"]
[EventType "swiss"]
[EventRounds "9"]
[EventCountry "ESP"]
[Source "lmi"]
[SourceDate "2012.09.29"]

1. b3 e5 2. Bb2 f6 3. e4 c6 4. d4 d6 5. Bd3 Nh6 6. Ne2 Be6 7. c4 c5 8. d5 Bd7
9. h3 Na6 10. O-O Nb4 11. Bc1 Nf7 12. Ng3 Nxd3 13. Qxd3 g6 14. Nc3 Bg7 15. a3
O-O 16. Ra2 Qc8 17. Nd1 f5 18. exf5 Bxf5 19. Nxf5 Qxf5 20. Qxf5 gxf5 21. f4 e4
22. Kh2 h5 23. Ne3 Nh6 24. Bb2 Bd4 25. Nc2 Bf6 26. Bxf6 Rxf6 27. Ne3 Rg6 28. b4
Rc8 29. Rb1 Rg7 30. a4 Kh7 31. a5 h4 32. Kg1 cxb4 33. Rxb4 Rc5 34. a6 Rcc7 35.
Nc2 b6 36. Nd4 Rg8 37. Ra3 Rcg7 38. Rb2 Kg6 39. Nb5 Rd7 40. g3 Kf6 41. Rg2 Re8
42. gxh4 e3 43. Kf1 Re4 44. h5 Rxf4+ 45. Ke1 Nf7 46. Rg6+ Ke7 47. Rxe3+ Kd8 48.
h6 Rh4 49. Ree6 Rxh3 50. Nxd6 1-0

[Event "77 España ch 2012"]
[Site "Maspalomas ESP"]
[Date "2012.10.02"]
[Round "4.21"]
[White "Boutahar Belgasi, Tarik"]
[Black "Menendez Rey, Francisco Javier"]
[Result "0-1"]
[WhiteElo "1994"]
[BlackElo "2229"]
[PlyCount "52"]
[EventDate "2012.09.29"]
[EventType "swiss"]
[EventRounds "9"]
[EventCountry "ESP"]
[Source "lmi"]
[SourceDate "2012.09.29"]

1. Nf3 d5 2. d4 e6 3. g3 f5 4. Bg2 Bd6 5. O-O Nf6 6. c4 c6 7. b3 Qe7 8. Bb2 O-O
9. e3 Ne4 10. Nbd2 Nd7 11. c5 Bc7 12. b4 b6 13. Qc2 bxc5 14. dxc5 e5 15. Rfe1
Ndf6 16. h3 a5 17. a3 Rb8 18. bxa5 Rb5 19. a4 Rxa5 20. Nb3 Ra8 21. Nfd2 Ba6 22.
Nf1 Rfb8 23. Rec1 Rb7 24. Nbd2 Rab8 25. Rab1 Ba5 26. f3 Bxd2 0-1

[Event "77 España ch 2012"]
[Site "Maspalomas ESP"]
[Date "2012.10.02"]
[Round "4.22"]
[White "Angel Acosta, Juan Carlos"]
[Black "Garcia Garcia, Adrian Antonio"]
[Result "0-1"]
[WhiteElo "2225"]
[BlackElo "1978"]
[PlyCount "102"]
[EventDate "2012.09.29"]
[EventType "swiss"]
[EventRounds "9"]
[EventCountry "ESP"]
[Source "lmi"]
[SourceDate "2012.09.29"]

1. d4 d5 2. c4 dxc4 3. Nc3 Nf6 4. e4 e5 5. Qa4+ Bd7 6. Qxc4 exd4 7. Qxd4 Nc6 8.
Qd1 Bb4 9. Bd3 Qe7 10. Bg5 Ne5 11. Be2 Bxc3+ 12. bxc3 Qc5 13. Bxf6 Qxc3+ 14.
Kf1 gxf6 15. Rc1 Qa5 16. Qd5 Qxd5 17. exd5 O-O-O 18. f4 Ng6 19. g3 Bf5 20. Bf3
Rhe8 21. Ne2 Bd3 22. Kf2 Bxe2 23. Bxe2 Rxd5 24. Rc2 Red8 25. Rhc1 c6 26. Bc4
Rd2+ 27. Ke3 Rxc2 28. Rxc2 Rd7 29. Kf3 Kc7 30. Kg4 Ne7 31. Kh5 Nf5 32. Rf2 b5
33. Bb3 c5 34. Bc2 Ne3 35. Bxh7 Rd5+ 36. Kh4 Rd8 37. Re2 Rh8 38. Rxe3 Rxh7+ 39.
Kg4 Rxh2 40. Re7+ Kb6 41. Rxf7 Rh6 42. Kf5 c4 43. Re7 c3 44. Re2 b4 45. g4 a5
46. g5 fxg5 47. fxg5 Rh8 48. Re6+ Kb5 49. Re5+ Kc4 50. Rxa5 c2 51. Ra7 Rc8 0-1

[Event "77 España ch 2012"]
[Site "Maspalomas ESP"]
[Date "2012.10.02"]
[Round "4.23"]
[White "Vega Gutierrez, Belinda"]
[Black "Perez Barreto, Adrian"]
[Result "0-1"]
[WhiteElo "2206"]
[BlackElo "1966"]
[PlyCount "149"]
[EventDate "2012.09.29"]
[EventType "swiss"]
[EventRounds "9"]
[EventCountry "ESP"]
[Source "lmi"]
[SourceDate "2012.09.29"]

1. e4 e6 2. d4 d5 3. Nd2 Be7 4. e5 c5 5. Qg4 Kf8 6. Bd3 h5 7. Qg3 cxd4 8. h4
Nc6 9. a3 Nh6 10. Ne2 Ng4 11. Nf3 Qc7 12. Bf4 Qa5+ 13. Bd2 Qc7 14. O-O Ncxe5
15. Nxe5 Qxe5 16. Bf4 Qf6 17. f3 Qxh4 18. Qxh4 Bxh4 19. fxg4 hxg4 20. Nxd4 Bf6
21. Bd6+ Kg8 22. c3 Bd8 23. Kf2 f6 24. Bc2 Bd7 25. a4 Rc8 26. Bb3 Kf7 27. Rh1
Rh6 28. Rae1 Bb6 29. Rxh6 gxh6 30. Kg3 Rd8 31. Bb4 h5 32. Re2 Re8 33. Nb5 Kg6
34. c4 Bxb5 35. axb5 d4 36. c5 Bc7+ 37. Kf2 e5 38. Bd5 b6 39. b3 bxc5 40. Bxc5
Bb6 41. Bxb6 axb6 42. Rc2 Kg5 43. Rc7 Rd8 44. Bc6 d3 45. Bd7 Kf4 46. g3+ Ke4
47. Rc4+ Kd5 48. Bc6+ Ke6 49. Ke1 f5 50. Kd2 h4 51. gxh4 f4 52. h5 Rh8 53. Kxd3
Rxh5 54. Bg2 f3 55. Rxg4 fxg2 56. Rxg2 Kd5 57. b4 Rh3+ 58. Kc2 Kc4 59. Rg4+
Kxb5 60. Rg5 Re3 61. Kd2 Re4 62. Kc3 Rc4+ 63. Kd3 Kxb4 64. Rxe5 b5 65. Kd2 Ka4
66. Re1 b4 67. Ra1+ Kb3 68. Ra8 Kb2 69. Ra7 b3 70. Ke2 Rd4 71. Rb7 Ka2 72. Ra7+
Kb1 73. Rb7 b2 74. Ke3 Rc4 75. Kd2 0-1

[Event "77 España ch 2012"]
[Site "Maspalomas ESP"]
[Date "2012.10.02"]
[Round "4.24"]
[White "Alvarez Pedrosa, Valeriano"]
[Black "Nicolas Zapata, Irene"]
[Result "1/2-1/2"]
[WhiteElo "1947"]
[BlackElo "2193"]
[PlyCount "91"]
[EventDate "2012.09.29"]
[EventType "swiss"]
[EventRounds "9"]
[EventCountry "ESP"]
[Source "lmi"]
[SourceDate "2012.09.29"]

1. e4 c5 2. Nc3 Nc6 3. f4 g6 4. Nf3 Bg7 5. Bc4 e6 6. d3 Nge7 7. O-O O-O 8. Qe1
Nd4 9. Nxd4 cxd4 10. Ne2 d5 11. Bb3 dxe4 12. dxe4 b6 13. Bd2 a5 14. Bc4 Qc7 15.
Bd3 Ba6 16. Rc1 Bxd3 17. cxd3 Qd7 18. b3 Rfc8 19. Rxc8+ Rxc8 20. Qb1 Qb5 21. a4
Qa6 22. Rc1 Rxc1+ 23. Nxc1 f5 24. Qc2 fxe4 25. dxe4 Qc8 26. Qxc8+ Nxc8 27. b4
axb4 28. Bxb4 Bh6 29. Nd3 Kf7 30. Kf2 Ke8 31. Kf3 Na7 32. g4 Kd8 33. Ne5 Bg7
34. Nf7+ Kd7 35. e5 Nc6 36. Ba3 Na5 37. Ke4 Nb3 38. Ng5 h6 39. Nf3 Nc5+ 40.
Kxd4 Nxa4 41. Kc4 b5+ 42. Kxb5 Nc3+ 43. Kc4 Ne2 44. Kd3 Nxf4+ 45. Ke4 Nd5 46.
Bd6 1/2-1/2

[Event "77 España ch 2012"]
[Site "Maspalomas ESP"]
[Date "2012.10.02"]
[Round "4.25"]
[White "Zamarbide Inarrea, Daniel"]
[Black "Galvan Sarmiento, Jose Luis"]
[Result "1-0"]
[WhiteElo "2192"]
[BlackElo "1938"]
[PlyCount "151"]
[EventDate "2012.09.29"]
[EventType "swiss"]
[EventRounds "9"]
[EventCountry "ESP"]
[Source "lmi"]
[SourceDate "2012.09.29"]

1. e4 e6 2. Nf3 d5 3. Nc3 Nf6 4. e5 Nfd7 5. d4 c5 6. dxc5 Nc6 7. Bf4 Bxc5 8.
Bd3 f6 9. exf6 Nxf6 10. Qe2 a6 11. Ne5 Nd4 12. Qd2 O-O 13. Be3 Qc7 14. Bxd4
Bxd4 15. Bxh7+ Kxh7 16. Qxd4 b5 17. O-O Kg8 18. Rae1 Bb7 19. Re3 Ne4 20. Nxe4
dxe4 21. Rc3 Qd8 22. Qd7 Qxd7 23. Nxd7 Rf5 24. Rd1 Bd5 25. Nb6 Raf8 26. Nxd5
exd5 27. f3 b4 28. Rc5 exf3 29. gxf3 Rg5+ 30. Kf2 Rh5 31. Rdxd5 Rxh2+ 32. Kg3
Rh6 33. Rc4 Rg6+ 34. Kf2 Rgf6 35. Rd3 a5 36. Rc5 Rf5 37. Rxf5 Rxf5 38. Rd8+ Kf7
39. Rc8 Ke6 40. c4 bxc3 41. bxc3 Rb5 42. Ke3 Rb2 43. a4 Ra2 44. Rc4 Kd5 45.
Rd4+ Ke5 46. f4+ Ke6 47. Kd3 Ra1 48. Kc2 Rf1 49. Kb3 Ra1 50. Rc4 Rb1+ 51. Kc2
Ra1 52. Kb2 Rf1 53. Rc5 Rxf4 54. Rxa5 Kd6 55. Kb3 Kc6 56. Rg5 Rf7 57. c4 Rb7+
58. Rb5 Rf7 59. Kb4 Rf1 60. Rg5 Rb1+ 61. Kc3 Rb7 62. a5 Ra7 63. Kb4 Rb7+ 64.
Ka4 Ra7 65. Kb4 Rb7+ 66. Rb5 Rf7 67. Rb6+ Kc7 68. Ra6 Kb7 69. Rg6 Re7 70. Kb5
Rf7 71. c5 Rc7 72. c6+ Ka7 73. Rd6 g5 74. Rd7 Kb8 75. Rxc7 Kxc7 76. a6 1-0

[Event "77 España ch 2012"]
[Site "Maspalomas ESP"]
[Date "2012.10.02"]
[Round "4.26"]
[White "Rossello Padron, Carlos"]
[Black "Ramos Aguilar, Jose Manuel"]
[Result "1/2-1/2"]
[WhiteElo "1882"]
[BlackElo "2183"]
[PlyCount "160"]
[EventDate "2012.09.29"]
[EventType "swiss"]
[EventRounds "9"]
[EventCountry "ESP"]
[Source "lmi"]
[SourceDate "2012.09.29"]

1. b3 Nf6 2. Bb2 b6 3. f4 Bb7 4. Nf3 g6 5. g3 Bg7 6. Bg2 O-O 7. O-O c5 8. d3 d5
9. Ne5 Nbd7 10. e3 Nxe5 11. Bxe5 Qd7 12. Qe2 Rfd8 13. Nd2 Ne8 14. Bxg7 Nxg7 15.
g4 b5 16. a4 a6 17. h3 Rac8 18. axb5 axb5 19. Ra7 Ra8 20. Rfa1 Rxa7 21. Rxa7
Ra8 22. Rxa8+ Bxa8 23. c4 h5 24. Nf3 dxc4 25. Ne5 Qa7 26. dxc4 Bxg2 27. Kxg2
hxg4 28. hxg4 Ne8 29. cxb5 Nd6 30. Qd3 Qb7+ 31. Kh2 Nxb5 32. Qd8+ Kg7 33. Qe8
Nd6 34. Qd7 Qxb3 35. Qxe7 Qc2+ 36. Kh3 Qd1 37. Kh2 Qe2+ 38. Kh1 Qd1+ 39. Kg2
Qd5+ 40. Nf3 c4 41. Qe5+ Qxe5 42. Nxe5 f6 43. Nc6 c3 44. Nd4 Nc4 45. Kf3 Kf7
46. Ke2 f5 47. gxf5 gxf5 48. Kd3 Nd6 49. Kxc3 Kf6 50. Nc2 Ne4+ 51. Kd4 Ng3 52.
Nb4 Ne2+ 53. Kc4 Ke6 54. Nc6 Ng3 55. Kc5 Ne4+ 56. Kd4 Ng3 57. Ne5 Ne2+ 58. Kc4
Ng3 59. Nc6 Ne4 60. Nd8+ Kf6 61. Kd4 Ng3 62. Nb7 Ne2+ 63. Kc5 Nc3 64. Nd6 Ke6
65. Ne8 Ne4+ 66. Kd4 Ng3 67. Nc7+ Kf6 68. Kc5 Ne4+ 69. Kc6 Ng3 70. Kd7 Ne4 71.
Nd5+ Kf7 72. Kc6 Ke6 73. Nc7+ Kf6 74. Kd5 Nc3+ 75. Kd6 Ne4+ 76. Kd7 Nc5+ 77.
Ke8 Ne4 78. Nd5+ Ke6 79. Ne7 Nd6+ 80. Kf8 Nc4 1/2-1/2

[Event "77 España ch 2012"]
[Site "Maspalomas ESP"]
[Date "2012.10.02"]
[Round "4.27"]
[White "Ramirez Medina, Victor"]
[Black "Martin Hernandez, Ruben"]
[Result "0-1"]
[WhiteElo "1875"]
[BlackElo "2171"]
[PlyCount "42"]
[EventDate "2012.09.29"]
[EventType "swiss"]
[EventRounds "9"]
[EventCountry "ESP"]
[Source "lmi"]
[SourceDate "2012.09.29"]

1. e4 c5 2. Nf3 e6 3. d4 cxd4 4. Nxd4 a6 5. c4 Nf6 6. Nc3 Bb4 7. Bd2 Qc7 8. Bd3
Nc6 9. Nxc6 dxc6 10. O-O Bc5 11. Kh1 e5 12. f4 Ng4 13. Qf3 f6 14. Rab1 exf4 15.
Bxf4 Bd6 16. g3 Ne5 17. Qe3 Be6 18. Rfd1 Qe7 19. Na4 O-O 20. c5 Bc7 21. b3 Rfd8
0-1

[Event "77 España ch 2012"]
[Site "Maspalomas ESP"]
[Date "2012.10.02"]
[Round "4.28"]
[White "Diaz Sanchez, Jose Francisco"]
[Black "Menvielle Laccourreye, Augusto"]
[Result "0-1"]
[WhiteElo "1868"]
[BlackElo "2133"]
[PlyCount "46"]
[EventDate "2012.09.29"]
[EventType "swiss"]
[EventRounds "9"]
[EventCountry "ESP"]
[Source "lmi"]
[SourceDate "2012.09.29"]

1. e4 e6 2. d4 d5 3. Nd2 c5 4. exd5 Qxd5 5. dxc5 Bxc5 6. Ngf3 Nf6 7. Bc4 Qh5 8.
Nb3 Bb6 9. Qe2 Nc6 10. Be3 Bxe3 11. Qxe3 Qg4 12. Qe2 O-O 13. O-O Qf4 14. Bd3 e5
15. Qd2 Qg4 16. h3 Qh5 17. Qg5 Qxg5 18. Nxg5 Nb4 19. Ne4 Nfd5 20. a3 Nxd3 21.
cxd3 Nf4 22. Rfd1 Rd8 23. Rac1 Ne2+ 0-1